[Event "GER-ch Women 2020"]
[Site "Magdeburg"]
[Date "2020.08.20"]
[Round "7.1"]
[White "Burchardt, Brigitte"]
[Black "Osmanodja, Filiz"]
[Result "1/2-1/2"]
[WhiteElo "2091"]
[BlackElo "2293"]
[Annotator "ChessBase"]
[PlyCount "66"]
[EventDate "2020.08.16"]
[EventType "swiss"]
[EventCountry "GER"]
[SourceTitle "playchess.com"]
[Source "ChessBase"]
[SourceQuality "1"]
[TimeControl "40/5400+30:1800+30"]

1. e4 {[%emt 0:00:00]} e5 {[%emt 0:00:00]} 2. Bc4 {[%emt 0:00:36]} Nf6 {[%emt 0:00:00]} 3. d3 {[%emt 0:00:06]} c6 {[%emt 0:00:16]} 4. Qe2 {[%emt 0:00:50]} Be7 {[%emt 0:00:55]} 5. Nf3 {[%emt 0:01:24]} O-O {[%emt 0:01:12]} 6. O-O {[%emt 0:01:56]} d5 {[%emt 0:09:17]} 7. Bb3 {[%emt 0:01:37]} Bg4 {[%emt 0:03:00]} 8. Nbd2 {[%emt 0:02:58]} Nbd7 {[%emt 0:13:08]} 9. Re1 {[%emt 0:02:43]} Nh5 {[%emt 0:05:38]} 10. Nf1 {[%emt 0:04:17]} dxe4 {[%emt 0:08:11]} 11. dxe4 {[%emt 0:03:32]} Nf4 {[%emt 0:00:47]} 12. Qd1 {[%emt 0:06:08]} Qc7 {[%emt 0:09:39]} 13. h3 {[%emt 0:04:36]} Be6 {[%emt 0:04:40]} 14. Ng3 {[%emt 0:08:08]} Rad8 {[%emt 0:01:31]} 15. Be3 {[%emt 0:03:29]} c5 {[%emt 0:11:01]} 16. Bxe6 {[%emt 0:07:55]} fxe6 {[%emt 0:00:02]} 17. Bxf4 {[%emt 0:04:13]} exf4 {[%emt 0:01:39]} 18. Nf1 {[%emt 0:00:20]} Bf6 {[%emt 0:03:41]} 19. c3 {[%emt 0:01:24]} Ne5 {[%emt 0:07:03]} 20. Qe2 {[%emt 0:00:07]} Nd3 {[%emt 0:03:33]} 21. Red1 {[%emt 0:02:16]} c4 {[%emt 0:00:01]} 22. Rab1 {[%emt 0:01:11]} Be7 {[%emt 0:03:06]} 23. N1d2 {[%emt 0:03:24]} Bc5 {[%emt 0:00:57]} 24. Rf1 {[%emt 0:00:22]} b5 {[%emt 0:00:31]} 25. b3 {[%emt 0:01:20]} Bb6 {[%emt 0:02:10]} 26. bxc4 {[%emt 0:10:48]} bxc4 {[%emt 0:00:01]} 27. e5 {[%emt 0:00:18]} Rf5 {[%emt 0:02:32]} 28. Qe4 {[%emt 0:03:31]} Rc8 {[%emt 0:01:23]} 29. Rb5 {[%emt 0:01:54]} a6 {[%emt 0:04:16]} 30. Rbb1 {[%emt 0:04:15]} Qa7 {[%emt 0:01:38]} 31. Qe2 {[%emt 0:03:21]} Qc7 {[%emt 0:01:21]} 32. Qe4 {[%emt 0:00:06]} Qa7 {[%emt 0:00:07]} 33. Qe2 {[%emt 0:00:05]} Qc7 {[%emt 0:02:29]} 1/2-1/2

[Event "GER-ch Women 2020"]
[Site "Magdeburg"]
[Date "2020.08.20"]
[Round "7.2"]
[White "Voicu-Jagodzinsky, Carmen"]
[Black "Vidonyak, Nellya"]
[Result "1-0"]
[WhiteElo "2244"]
[BlackElo "2136"]
[Annotator "ChessBase"]
[PlyCount "69"]
[EventDate "2020.08.16"]
[EventType "swiss"]
[EventCountry "GER"]
[SourceTitle "playchess.com"]
[Source "ChessBase"]
[SourceQuality "1"]
[TimeControl "40/5400+30:1800+30"]

1. e4 {[%emt 0:00:00]} d6 {[%emt 0:00:00]} 2. d4 {[%emt 0:00:00]} Nf6 {[%emt 0:00:00]} 3. Nc3 {[%emt 0:00:00]} e5 {[%emt 0:00:00]} 4. Nf3 {[%emt 0:00:08]} Nbd7 {[%emt 0:00:06]} 5. Bc4 {[%emt 0:00:23]} Be7 {[%emt 0:00:17]} 6. O-O {[%emt 0:00:08]} O-O {[%emt 0:00:07]} 7. Re1 {[%emt 0:00:20]} c6 {[%emt 0:00:10]} 8. a4 {[%emt 0:00:07]} Qc7 {[%emt 0:03:22]} 9. h3 {[%emt 0:00:32]} b6 {[%emt 0:00:39]} 10. Ba2 {[%emt 0:00:29]} Bb7 {[%emt 0:00:54]} 11. Nh4 {[%emt 0:01:08]} g6 {[%emt 0:08:16]} 12. Bh6 {[%emt 0:00:55]} Rfe8 {[%emt 0:00:09]} 13. Nf3 {[%emt 0:00:34]} Bf8 {[%emt 0:03:14]} 14. Bxf8 {[%emt 0:02:51]} Nxf8 {[%emt 0:01:02]} 15. Qd2 {[%emt 0:15:52]} Kg7 {[%emt 0:01:04]} 16. Rad1 {[%emt 0:01:53]} Rad8 {[%emt 0:05:33]} 17. Re3 {[%emt 0:19:26]} Rd7 {[%emt 0:03:29]} 18. Nh4 {[%emt 0:09:50]} exd4 {[%emt 0:16:52]} 19. Qxd4 {[%emt 0:00:35]} Re5 {[%emt 0:00:19]} 20. f4 {[%emt 0:10:11]} c5 {[%emt 0:04:51]} 21. Qd3 {[%emt 0:01:29]} Re8 {[%emt 0:02:28]} 22. Nb5 {[%emt 0:14:45]} Qb8 {[%emt 0:16:42]} 23. Nc3 {[%emt 0:04:41]} Qd8 {[%emt 0:06:28]} 24. Nf3 {[%emt 0:01:01]} Kg8 {[%emt 0:08:59]} 25. Ng5 {[%emt 0:02:26]} h6 {[%emt 0:03:02]} 26. Nxf7 {[%emt 0:03:52]} Rxf7 {[%emt 0:00:22]} 27. e5 {[%emt 0:00:15]} d5 {[%emt 0:01:54]} 28. exf6 {[%emt 0:00:32]} Rxe3 {[%emt 0:04:30]} 29. Qxe3 {[%emt 0:00:04]} Rd7 {[%emt 0:02:20]} 30. Qe5 {[%emt 0:01:35]} c4 {[%emt 0:00:36]} 31. Nxd5 {[%emt 0:00:58]} Kh7 {[%emt 0:03:12]} 32. Bxc4 {[%emt 0:00:13]} Bxd5 {[%emt 0:00:56]} 33. Rxd5 {[%emt 0:00:32]} Rxd5 {[%emt 0:01:47]} 34. Bxd5 {[%emt 0:00:03]} Nd7 {[%emt 0:00:44]} 35. Qe7+ {[%emt 0:00:15]} 1-0

[Event "GER-ch Women 2020"]
[Site "Magdeburg"]
[Date "2020.08.20"]
[Round "7.3"]
[White "Just, Anita"]
[Black "Mehling, Katharina"]
[Result "1/2-1/2"]
[WhiteElo "1912"]
[BlackElo "1947"]
[Annotator "TA"]
[PlyCount "101"]
[EventDate "2020.08.16"]
[EventType "swiss"]
[EventCountry "GER"]
[SourceTitle "playchess.com"]
[Source "ChessBase"]
[SourceQuality "1"]

{[%evp 9,101,41,60,0,0,-15,-6,-14,0,5,0,-74,-60,-83,-68,-86,-95,-97,-93,-97,-112,-133,-119,-151,-158,-158,-158,-158,-157,-164,-131,-149,-120,-203,-188,-197,-166,-207,-177,-170,-138,-151,-115,-126,-107,-120,-90,-85,-45,-62,-76,-83,-45,-83,-74,-103,-81,-366,-366,-366,-352,-366,-366,-366,-366,-366,-366,-355,-355,-355,-346,-352,-355,-350,-342,-354,-303,-272,-47,-47,-47,-47,-47,-47,-47,-47,-47,-47,0,-47,0,-47,0,-50]} 1. e4 c6 2. d4 g6 3. Nc3 d5 4. e5 h5 5. h4 Nh6 {[#]} 6. Be3 $146 {B15: Caro-Kann: 3 Nc3: 3...g6 and 3...dxe4 4 Nxe4 Nf6 5 Nxf6+ exf6.} (6. Bg5 $14) ({Predecessor:} 6. Bf4 a5 7. Bd2 a4 8. Nf3 Qa5 9. Bd3 Na6 10. O-O Nc7 11. b3 axb3 12. cxb3 {1-0 (53) Salem,A (2603)-Foisor,C (2390) Caleta 2015}) 6... Nf5 $11 7. Qd2 Nxe3 8. Qxe3 Bf5 9. O-O-O Nd7 10. f4 (10. Bd3 $11) 10... e6 $17 11. Nf3 Qa5 12. Nd2 b5 {[%cal Bb7b5,Bb5b4][%mdl 32]} 13. Nb3 Qb6 14. Bd3 Bxd3 15. Qxd3 a5 {[%cal Ba7a5,Ba5a4][%mdl 32]} 16. Kd2 a4 17. Nc1 b4 18. N3e2 c5 19. Ke1 Be7 20. Kf1 Kf8 21. c4 (21. g3 $17) 21... bxc3 $19 22. bxc3 Kg7 23. Qf3 cxd4 24. cxd4 Qb2 25. Rh3 Rac8 26. Nc3 Nb6 27. N1e2 Nc4 {White must now prevent ...Nd2+.} 28. Qd3 Qb4 {And now ...Nb2 would win.} 29. Rb1 Qa5 30. Rb7 Rhe8 31. Rb5 Qa7 32. Qd1 a3 {[#]} 33. Qa4 $2 {[%mdl 8192]} (33. f5 $1 $17 {[%mdl 512]}) 33... Qxa4 34. Nxa4 Rb8 35. Nac3 Rxb5 36. Nxb5 Rb8 37. Nec3 Bb4 38. Rd3 Bxc3 39. Nxc3 {[%mdl 4096] Endgame KRN-KRN} Rb2 40. g3 Kf8 ({Less strong is} 40... Rc2 41. Kg1 $17) 41. Ke1 Ke7 42. Rf3 Rc2 43. Kd1 {[#]} Rg2 $2 ({Black should try} 43... Rd2+ $1 $19 44. Kc1 Kd7) 44. Ne2 $15 Kd7 45. Rb3 Kc7 46. Ke1 Rh2 47. Kd1 $1 Rh1+ 48. Kc2 Rh2 49. Kd1 Rh1+ 50. Kc2 Rh2 51. Kd1 $1 {White happily takes the draw. Accuracy: White = 73%, Black = 83%.} 1/2-1/2

[Event "GER-ch Women 2020"]
[Site "Magdeburg"]
[Date "2020.08.20"]
[Round "7.4"]
[White "Bashylina, Luisa"]
[Black "Butenandt, Svenja"]
[Result "1-0"]
[WhiteElo "1975"]
[BlackElo "1879"]
[Annotator "ChessBase"]
[PlyCount "65"]
[EventDate "2020.08.16"]
[EventType "swiss"]
[EventCountry "GER"]
[SourceTitle "playchess.com"]
[Source "ChessBase"]
[SourceQuality "1"]
[TimeControl "40/5400+30:1800+30"]

1. e4 {[%emt 0:00:00]} c5 {[%emt 0:00:00]} 2. Nf3 {[%emt 0:00:00]} e6 {[%emt 0:00:00]} 3. d4 {[%emt 0:00:00]} cxd4 {[%emt 0:00:00]} 4. Nxd4 {[%emt 0:00:00]} a6 {[%emt 0:00:00]} 5. Bd3 {[%emt 0:00:00]} Qc7 {[%emt 0:01:13]} 6. O-O {[%emt 0:00:00]} Nf6 {[%emt 0:00:23]} 7. Qe2 {[%emt 0:00:12]} d6 {[%emt 0:01:12]} 8. c4 {[%emt 0:00:43]} Nbd7 {[%emt 0:01:34]} 9. f4 {[%emt 0:00:24]} Be7 {[%emt 0:01:03]} 10. Nc3 {[%emt 0:00:10]} b6 {[%emt 0:00:41]} 11. Kh1 {[%emt 0:00:20]} Bb7 {[%emt 0:00:51]} 12. Bd2 {[%emt 0:00:16]} O-O {[%emt 0:00:36]} 13. Rae1 {[%emt 0:00:14]} Rfd8 {[%emt 0:02:28]} 14. f5 {[%emt 0:11:32]} e5 {[%emt 0:07:22]} 15. Nf3 {[%emt 0:01:38]} Nc5 {[%emt 0:01:37]} 16. Bb1 {[%emt 0:01:18]} Rac8 {[%emt 0:03:53]} 17. Rg1 {[%emt 0:06:10]} Qb8 {[%emt 0:05:09]} 18. g4 {[%emt 0:01:02]} Bf8 {[%emt 0:02:12]} 19. g5 {[%emt 0:01:38]} Ne8 {[%emt 0:01:54]} 20. b4 {[%emt 0:03:37]} Nd7 {[%emt 0:00:13]} 21. a3 {[%emt 0:00:47]} Nc7 {[%emt 0:03:37]} 22. Ba2 {[%emt 0:02:12]} g6 {[%emt 0:05:51]} 23. Nh4 {[%emt 0:05:37]} Kg7 {[%emt 0:05:30]} 24. Rgf1 {[%emt 0:01:40]} a5 {[%emt 0:06:20]} 25. Qf3 {[%emt 0:01:04]} Kh8 {[%emt 0:05:34]} 26. fxg6 {[%emt 0:01:23]} fxg6 {[%emt 0:00:11]} 27. Qf7 {[%emt 0:00:24]} Bg7 {[%emt 0:01:37]} 28. Rf3 {[%emt 0:01:11]} Nf8 {[%emt 0:01:38]} 29. Rh3 {[%emt 0:01:14]} Rd7 {[%emt 0:01:22]} 30. Nxg6+ {[%emt 0:00:19]} Nxg6 {[%emt 0:00:13]} 31. Qxg6 {[%emt 0:01:27]} Bf8 {[%emt 0:00:13]} 32. Qf6+ {[%emt 0:00:29]} Bg7 {[%emt 0:00:35]} 33. Qf5 {[%emt 0:00:09]} 1-0

[Event "GER-ch Women 2020"]
[Site "Magdeburg"]
[Date "2020.08.20"]
[Round "7.5"]
[White "Kopylov, Luba"]
[Black "Bluebaum, Johanna"]
[Result "1-0"]
[WhiteElo "2027"]
[BlackElo "2011"]
[Annotator "TA"]
[PlyCount "111"]
[EventDate "2020.08.16"]
[EventType "swiss"]
[EventCountry "GER"]
[SourceTitle "playchess.com"]
[Source "ChessBase"]
[SourceQuality "1"]

{[%evp 22,111,26,23,31,31,26,16,18,22,35,32,36,-4,36,32,41,36,49,-79,16,-70,22,22,25,16,19,0,42,35,10,24,43,0,9,0,0,0,0,-112,-117,-111,-115,-114,-40,-47,0,-93,20,16,55,24,0,0,270,265,274,266,249,293,290,297,272,214,313,307,305,294,287,242,251,253,339,324,327,312,530,518,566,544,506,529,550,540,29951,6764,29970,29971,29972,29972,29970,29967]} 1. d4 d5 2. c4 e6 3. g3 Nf6 4. Bg2 c6 5. Nd2 Qa5 6. Ngf3 Bd6 7. O-O O-O 8. Qc2 Nbd7 9. Nb3 Qd8 10. Bg5 h6 11. Bxf6 Nxf6 12. Nbd2 b6 {E01: Catalan: Early deviations.} 13. e4 Be7 14. cxd5 cxd5 {The position is equal.} 15. e5 Ne8 16. Rfc1 Bd7 17. Qb3 Rc8 18. Bf1 g6 19. Ba6 Rc7 20. Ne1 {[#]} (20. Qe3 $14 {stays ahead.}) 20... Qb8 ({Black should try} 20... b5 $1 $17 {[%mdl 512] Hoping for ...Rxc1.} 21. Qe3 (21. Bxb5 $2 Rb7 $19) 21... Ng7) 21. Qe3 (21. Rxc7 $11 Nxc7 22. Bd3) 21... Kh7 (21... b5 $15 22. a4 (22. Qxh6 $2 Qb6 $19 {[%mdl 64] Double Attack}) 22... Rxc1 23. Rxc1 bxa4) 22. Bd3 $11 Ng7 23. g4 Rfc8 24. Rcb1 b5 25. Nb3 Qb6 26. Nf3 a5 27. Qf4 Be8 28. Kg2 a4 29. Nc1 b4 30. h4 {[#]} (30. Qd2 $11) 30... Bb5 $1 $17 31. h5 ({Not} 31. Qxf7 $2 Bxd3 32. Nxd3 Rf8 $19) 31... Bxd3 32. Nxd3 Rf8 (32... gxh5 $17 33. Rh1 Qa6) 33. hxg6+ $15 fxg6 34. Qe3 {[#]} (34. Qd2 $11 {keeps the balance.}) 34... g5 ({Black should play} 34... h5 $1 $17 {[%cal Rh5g4]} 35. gxh5 gxh5) 35. Rh1 $36 {[%mdl 2048] aiming for Nxg5+. White has good play.} Kg6 $1 36. Rac1 (36. Rag1 {is interesting.} h5 37. Kh2 hxg4 38. Nxg5 Rh8+ 39. Kg2) 36... Rxc1 37. Qxc1 {And now Qc2 would win.} Rxf3 $4 {[%mdl 8192] Black is now going downhill.} (37... h5 $1 $11 38. gxh5+ Kh7) 38. Kxf3 $18 Qxd4 39. Qe3 Qxe3+ 40. Kxe3 {[%mdl 4096] Endgame KRN-KBN} h5 41. gxh5+ Nxh5 42. Rc1 Ng7 (42... a3 $142 43. Rc7 axb2 44. Nxb2 Bd8) 43. Rc7 Nf5+ 44. Kd2 Bf8 45. Nc5 Bg7 46. Nd7 ({Resist} 46. Nxa4 $6 Bxe5 47. Rc6 Nd4 $16) 46... Nd4 47. Ke3 Nf5+ 48. Kd3 Nh4 $2 (48... Kf7 {might work better.} 49. Rb7 Ke8) 49. Ra7 b3 50. Rxa4 bxa2 51. b4 {[%cal Bb2b4,Bb4b5,Bb5b6][%mdl 32]} Nf3 52. Rxa2 Nxe5+ 53. Nxe5+ Bxe5 54. b5 {White mates.} Kf5 55. b6 Kf4 56. Re2 {Accuracy: White = 71%, Black = 57%.} 1-0

[Event "GER-ch Women 2020"]
[Site "Magdeburg"]
[Date "2020.08.20"]
[Round "7.6"]
[White "Bardorz, Jana"]
[Black "Dietrich, Mareike"]
[Result "1/2-1/2"]
[WhiteElo "2000"]
[BlackElo "1699"]
[Annotator "ChessBase"]
[PlyCount "64"]
[EventDate "2020.08.16"]
[EventType "swiss"]
[EventCountry "GER"]
[SourceTitle "playchess.com"]
[Source "ChessBase"]
[SourceQuality "1"]
[TimeControl "40/5400+30:1800+30"]

1. e4 {[%emt 0:00:00]} c5 {[%emt 0:00:00]} 2. Nf3 {[%emt 0:00:00]} d6 {[%emt 0:00:00]} 3. d4 {[%emt 0:00:00]} cxd4 {[%emt 0:00:00]} 4. Nxd4 {[%emt 0:00:00]} Nf6 {[%emt 0:00:00]} 5. Nc3 {[%emt 0:00:00]} a6 {[%emt 0:00:00]} 6. f4 {[%emt 0:00:12]} Qc7 {[%emt 0:00:27]} 7. f5 {[%emt 0:04:43]} b5 {[%emt 0:04:53]} 8. a3 {[%emt 0:06:17]} Bb7 {[%emt 0:00:28]} 9. Bd3 {[%emt 0:00:14]} Nbd7 {[%emt 0:01:41]} 10. O-O {[%emt 0:03:18]} g6 {[%emt 0:05:11]} 11. Qe1 {[%emt 0:06:13]} Bg7 {[%emt 0:01:57]} 12. Nf3 {[%emt 0:09:11]} O-O {[%emt 0:14:13]} 13. Qh4 {[%emt 0:06:21]} Qc5+ {[%emt 0:07:50]} 14. Kh1 {[%emt 0:00:41]} d5 {[%emt 0:00:45]} 15. e5 {[%emt 0:07:24]} Nxe5 {[%emt 0:03:35]} 16. Nxe5 {[%emt 0:06:03]} d4 {[%emt 0:00:11]} 17. Nxg6 {[%emt 0:04:52]} fxg6 {[%emt 0:02:54]} 18. Ne2 {[%emt 0:05:56]} Qc6 {[%emt 0:03:23]} 19. Nf4 {[%emt 0:02:11]} Nh5 {[%emt 0:05:24]} 20. Rf2 {[%emt 0:01:20]} Nxf4 {[%emt 0:04:06]} 21. Bxf4 {[%emt 0:00:41]} gxf5 {[%emt 0:08:18]} 22. Qg3 {[%emt 0:02:19]} Qg6 {[%emt 0:01:48]} 23. Re1 {[%emt 0:02:38]} Rae8 {[%emt 0:01:26]} 24. Qxg6 {[%emt 0:03:12]} hxg6 {[%emt 0:01:10]} 25. Rfe2 {[%emt 0:00:23]} Bf6 {[%emt 0:02:42]} 26. a4 {[%emt 0:01:34]} bxa4 {[%emt 0:02:32]} 27. Bh6 {[%emt 0:02:53]} Bg7 {[%emt 0:02:51]} 28. Bc4+ {[%emt 0:00:31]} e6 {[%emt 0:08:08]} 29. Rxe6 {[%emt 0:05:42]} Rxe6 {[%emt 0:02:20]} 30. Rxe6 {[%emt 0:00:08]} Bxh6 {[%emt 0:02:02]} 31. Re7+ {[%emt 0:00:23]} Kh8 {[%emt 0:00:12]} 32. Rxb7 {[%emt 0:00:04]} Re8 {[%emt 0:03:47]} 1/2-1/2

[Event "GER-ch Women 2020"]
[Site "Magdeburg"]
[Date "2020.08.20"]
[Round "7.7"]
[White "Stowicek, Yara Mathilda"]
[Black "Heutling, Elina"]
[Result "1/2-1/2"]
[WhiteElo "1674"]
[BlackElo "1833"]
[Annotator "NA RC"]
[PlyCount "100"]
[EventDate "2020.08.16"]
[EventType "swiss"]
[EventCountry "GER"]
[SourceTitle "playchess.com"]
[Source "ChessBase"]
[SourceQuality "1"]
[TimeControl "40/5400+30:1800+30"]

1. e4 {[%emt 0:00:00]} e5 {[%emt 0:00:00]} 2. Bc4 {[%emt 0:00:00]} Nf6 {[%emt 0:00:00]} 3. Nf3 {[%emt 0:00:05]} Nc6 {[%emt 0:00:09]} 4. d3 {[%emt 0:00:27]} d5 {[%emt 0:01:04]} 5. exd5 {[%emt 0:01:25]} Nxd5 {[%emt 0:02:48]} 6. O-O {[%emt 0:00:58]} Bg4 {[%emt 0:00:14]} 7. Re1 {[%emt 0:02:32]} Be7 {[%emt 0:01:17]} 8. h3 {[%emt 0:01:24]} Bh5 {[%emt 0:00:37]} 9. g4 {[%emt 0:02:21]} Bg6 {[%emt 0:00:05]} 10. Nxe5 {[%emt 0:01:07]} Nxe5 {[%emt 0:00:07]} 11. Rxe5 {[%emt 0:00:25]} Nb6 {[%emt 0:00:17]} 12. Bb3 {[%emt 0:01:09]} O-O {[%emt 0:00:21]} 13. Nc3 {[%emt 0:03:32] C24: Bishop's Opening: 2...Nf6.} Bd6 {[%emt 0:08:45]} 14. Bg5 {[%emt 0:06:11]} Qd7 {[%emt 0:00:06]} 15. Re1 {[%emt 0:02:50] [#]} h6 $146 {[%emt 0:10:22]} ({Predecessor:} 15... Kh8 16. Bd2 f5 17. g5 f4 18. Qf3 Qd8 19. h4 Nd7 20. d4 h6 21. Ne4 Bf7 22. Bxf7 Rxf7 23. Nxd6 cxd6 {1-0 (35) Bayrak,K (1829)-Ilbay,H Antalya 2013}) 16. Be3 {[%emt 0:03:01]} Kh8 {[%emt 0:10:32]} 17. Ne4 {[%emt 0:10:10]} Be7 {[%emt 0:01:07]} 18. Ng3 {[%emt 0:05:01]} Bh4 {[%emt 0:06:28]} 19. Qf3 {[%emt 0:03:44]} Bxg3 {[%emt 0:09:32]} 20. Qxg3 {[%emt 0:00:53]} Nd5 {[%emt 0:07:05]} 21. Bxh6 {[%emt 0:03:35]} c6 {[%emt 0:06:54]} 22. Be3 {[%emt 0:02:28]} Rfe8 {[%emt 0:02:20]} 23. Re2 {[%emt 0:04:54]} Re7 {[%emt 0:06:22]} 24. Rae1 {[%emt 0:00:21]} Rae8 {[%emt 0:00:15]} 25. Qf3 {[%emt 0:00:35]} Nxe3 {[%emt 0:03:01]} 26. Rxe3 {[%emt 0:00:39]} a6 {[%emt 0:01:17]} 27. g5 {[%emt 0:04:37]} Rxe3 {[%emt 0:01:24]} 28. Rxe3 {[%emt 0:00:47]} Kg8 {[%emt 0:00:17]} 29. h4 {[%emt 0:01:02]} Rxe3 {[%emt 0:00:49]} 30. fxe3 {[%emt 0:00:25]} Bf5 {[%emt 0:00:27]} 31. Qf4 {[%emt 0:01:40]} Bg6 {[%emt 0:01:05]} 32. Kg2 {[%emt 0:01:05]} Bh5 {[%emt 0:02:13]} 33. Qg3 {[%emt 0:03:44]} Kh7 {[%emt 0:01:22]} 34. e4 {[%emt 0:01:26]} Qe7 {[%emt 0:02:39]} 35. Qf4 {[%emt 0:01:03]} Kg8 {[%emt 0:01:39]} 36. Qf5 {[%emt 0:02:39]} Kh8 {[%emt 0:00:51]} 37. e5 {[%emt 0:04:13]} Bg6 {[%emt 0:01:57]} 38. Qf4 {[%emt 0:03:49]} Qd7 {[%emt 0:00:59]} 39. Kg3 {[%emt 0:02:51]} Bh5 {[%emt 0:01:01]} 40. d4 {[%emt 0:01:26]} Kg8 {[%emt 0:01:10]} 41. e6 {[%emt 0:33:01]} fxe6 {[%emt 0:30:24]} 42. Qe5 {[%emt 0:05:56]} Kf7 {[%emt 0:01:01]} 43. c4 {[%emt 0:05:22]} b6 {[%emt 0:05:55]} 44. d5 $2 {[%emt 0:02:58]} ({White should play} 44. Bc2 $18) 44... exd5 {[%emt 0:00:50]} 45. Qd4 $14 {[%emt 0:00:00]} Qc7+ {[%emt 0:00:00]} 46. Kg2 {[%emt 0:00:00]} dxc4 {[%emt 0:00:00]} 47. Qxc4+ {[%emt 0:00:00]} Ke7 {[%emt 0:00:00]} 48. Qe6+ {[%emt 0:00:00]} Kd8 {[%emt 0:00:00]} 49. Qf5 {[%emt 0:00:00]} Qd6 {[%emt 0:00:00]} 50. Qf2 {[%emt 0:00:00]} c5 {[%emt 0:00:00]} 1/2-1/2

[Event "GER-ch Women 2020"]
[Site "Magdeburg"]
[Date "2020.08.20"]
[Round "7.8"]
[White "Rogozenco, Teodora"]
[Black "Reitz, Theresa"]
[Result "1-0"]
[WhiteElo "1979"]
[BlackElo "1942"]
[Annotator "ChessBase"]
[PlyCount "49"]
[EventDate "2020.08.16"]
[EventType "swiss"]
[EventCountry "GER"]
[SourceTitle "playchess.com"]
[Source "ChessBase"]
[SourceQuality "1"]
[TimeControl "40/5400+30:1800+30"]

1. d4 {[%emt 0:00:00]} Nf6 {[%emt 0:00:00]} 2. c4 {[%emt 0:00:00]} g6 {[%emt 0:00:00]} 3. Nc3 {[%emt 0:00:25]} d5 {[%emt 0:00:15]} 4. Bg5 {[%emt 0:00:11]} Ne4 {[%emt 0:03:49]} 5. Bh4 {[%emt 0:00:32]} Nxc3 {[%emt 0:01:05]} 6. bxc3 {[%emt 0:00:14]} Bg7 {[%emt 0:00:38]} 7. e3 {[%emt 0:01:18]} c6 {[%emt 0:07:17]} 8. Nf3 {[%emt 0:04:16]} Nd7 {[%emt 0:09:25]} 9. cxd5 {[%emt 0:12:55]} cxd5 {[%emt 0:00:10]} 10. Qb3 {[%emt 0:02:02]} Nb6 {[%emt 0:11:13]} 11. Bb5+ {[%emt 0:01:01]} Bd7 {[%emt 0:00:49]} 12. Ne5 {[%emt 0:00:25]} Bxe5 {[%emt 0:02:09]} 13. dxe5 {[%emt 0:00:17]} Bxb5 {[%emt 0:01:15]} 14. Qxb5+ {[%emt 0:00:09]} Qd7 {[%emt 0:00:15]} 15. Qb4 {[%emt 0:00:43]} Rc8 {[%emt 0:02:26]} 16. Qf4 {[%emt 0:19:33]} Qb5 {[%emt 0:09:44]} 17. Bxe7 {[%emt 0:01:33]} Qb2 {[%emt 0:05:20]} 18. O-O {[%emt 0:00:32]} Kxe7 {[%emt 0:03:09]} 19. Qf6+ {[%emt 0:00:14]} Kd7 {[%emt 0:00:27]} 20. Qxf7+ {[%emt 0:00:19]} Kd8 {[%emt 0:03:53]} 21. e4 {[%emt 0:10:59]} Qxc3 {[%emt 0:02:55]} 22. Qf6+ {[%emt 0:01:15]} Kd7 {[%emt 0:00:18]} 23. exd5 {[%emt 0:01:23]} Rhf8 {[%emt 0:02:09]} 24. Qg7+ {[%emt 0:01:35]} Ke8 {[%emt 0:00:27]} 25. d6 {[%emt 0:00:17]} 1-0